000 00703nam a2200265Ia 4500
005 20260121170351.0
008 008 260114s9999 xx 000 0 eng d
020 _a9783319739786
037 _aEBOOK
040 _aCRL
040 _beng
040 _cCRL
041 _2eng
041 _aeng
084 _qCRL
100 _aMarek Ochowiak, Szymon Woziwodzki, Micha? Doligalski, Piotr Tomasz Mitkowski
_91063023
245 0 _aPractical Aspects of Chemical Engineering
260 _bSpringer
260 _bSpringer
260 _c2018
856 _uhttps://link.springer.com/openurl?genre=book&isbn=978-3-319-73978-6
942 _cEBOOK
999 _c1628752
_d1628752